| 000 | 02038 a2200277 4500 | ||
|---|---|---|---|
| 003 | Nust | ||
| 005 | 20220801111655.0 | ||
| 010 | _a 2004114236 | ||
| 020 | _a3540230556 (alk. paper) | ||
| 040 | _cNust | ||
| 082 | 0 | 0 | _a526.0285,MAP |
| 245 | 0 | 0 |
_aMap-based Mobile Services / _cLiqiu Meng, Alexander Zipf, Tumasch Reichenbacher (editors). |
| 250 | _a1st ed. | ||
| 260 |
_aNew York, NY : _bSpringer, _cc2005. |
||
| 300 |
_axii, 260 p. : _bill. ; _c24 cm. + _e1 CD-ROM (4 3/4 in.) |
||
| 505 | _aMap-Based Mobile Services (Page-10, Portrayal and Generalisation of Point Maps for Mobile Information (Page-110, Activity and Context- A conceptual Framework for Mobile Gesoservices (Page-31), Effectivness and Efficiency of Tourism Maps in the World Wide Web and Their Potential for Mobile Map Services (Page-43),The Cognitive Reality of Schmatic Maps (Page-55), Adaptive Visualisation of Landmarks using and MRDB (Page-73), Ego Centres of Mobile User and Egocentric Map Design (Page-87), Adaptation to Context a way to Improve the Usability of Mobile Maps (Page-107), Focalizing Measures of Salience for Wayfinding (Page-125), Adaptive Egocentric Maps for Mobile Users (Page-141), Cartographic Location Base Services (Page-159), XML in Services Architectures for Mobile Cartographic Applications (Page-173), A Survey of Map Based Mobile Guides (Page-193), Position Determination of Reference Points in Surveying (Page-211), Dynamic 3D Maps for Mobile Tourism Applications (Page-227), Designing Electronics Maps: an Ethnographic Approach (Page-241) | ||
| 650 | 0 |
_aCartography _xData processing. _995992 |
|
| 650 | 0 |
_aDigital mapping. _946102 |
|
| 650 | 0 |
_aMobile communication systems. _918556 |
|
| 700 | 1 |
_aMeng, Liqiu. _995993 |
|
| 700 | 1 |
_aReichenbacher, Tumasch. _995994 |
|
| 700 | 1 |
_aZipf, Alexander. _995995 |
|
| 856 | 4 | 2 |
_3Publisher description _uhttp://www.loc.gov/catdir/enhancements/fy0818/2004114236-d.html |
| 856 | 4 | 2 |
_3Table of contents only _uhttp://www.loc.gov/catdir/enhancements/fy0818/2004114236-t.html |
| 942 |
_cREF _2ddc |
||
| 999 |
_c175444 _d175444 |
||